Govt. of
Madhya Pradesh

Normal view MARC view

Entry Topical Term

Number of records used in: 1

001 - CONTROL NUMBER

  • control field: 52522

003 - CONTROL NUMBER IDENTIFIER

  • control field: OSt

005 - DATE AND TIME OF LATEST TRANSACTION

  • control field: 20160416161804.0

008 - FIXED-LENGTH DATA ELEMENTS

  • fixed length control field: 160416|| aca||aabn | a|a d

040 ## - CATALOGING SOURCE

  • Original cataloging agency: OSt
  • Transcribing agency: OSt

150 ## - HEADING--TOPICAL TERM

  • Topical term or geographic name entry element: Medical Science

670 ## - SOURCE DATA FOUND

  • Source citation: Work cat.: (OSt)11486: शर्मा संतशरण 48832, आयुर्वेदिक औषधीय योग , 2008